Most Solar Power as a % of Total Energy Production - Statistics

General Stats
  • This quiz has been taken 102 times
    44 since last reset
  • The average score is 12 of 25
Answer Stats
# Percentage Total GWh Answer % Correct
16 12.1 61,220 Germany
86%
8 16.7 45,080 Spain
86%
6 19.0 9,390 Greece
83%
23 9.7 7,350 Israel
80%
18 11.8 31,010 Italy
80%
10 16.5 44,990 Australia
77%
21 10.2 4,570 Portugal
77%
24 9.6 96,990 Japan
71%
9 16.6 19,990 Netherlands
66%
5 19.9 16,650 Chile
63%
25 9.3 3,120 Denmark
60%
3 20.6 530 Malta
60%
13 15.2 820 Cyprus
54%
12 15.4 3,370 Jordan
49%
2 24.6 280 Luxembourg
49%
7 18.4 6,600 Hungary
43%
17 11.9 770 Estonia
34%
19 11.7 650 Lithuania
34%
4 20.3 600 Yemen
26%
1 37 500 Namibia
20%
14 14.9 1,110 El Salvador
17%
20 10.8 830 Senegal
11%
22 9.9 1,190 Honduras
9%
11 15.6 120 Burkina Faso
3%
15 12.6 170 Malawi
3%
No matching quizzes found
Score Distribution
Percent of People with Each Score
Percentile by Number Answered
Your Score History
You have not taken this quiz since the last reset